| 000 | 00000nam##2200000za#4500 |
| 001 | 9.640892 |
| 003 | CaOODSP |
| 005 | 20230201095211 |
| 007 | cr ||||||||||| |
| 008 | 150407|2006||||xxc|||||o f|0| 0 fre|d |
| 040 | |aCaOODSP|bfre |
| 043 | |an-cn--- |
| 086 | 1 |aPS64-99/2006F-PDF |
| 110 | 2 |aGendarmerie royale du Canada. |
| 245 | 10|aDossier spécial - les bandes de jeunes et les armes à feu : |h[ressource électronique]|bl'analyse de l'environnement de la GRC |
| 260 | |aOttawa - Ontario : |bGendarmerie royale du Canada |c2006. |
| 300 | |a36p.|bfigures, photographies |
| 590 | |a12-40-Supp|b2012-10-23 |
| 691 | 07|aArme à feu|2gcpds |
| 691 | 07|aJeunesse|2gcpds |
| 775 | 08|tFeature focus - youth gangs and guns : |w(CaOODSP)9.696787 |
| 856 | 40|ahttp://publications.gc.ca|qPDF|s461 Ko|uhttps://publications.gc.ca/collections/collection_2012/grc-rcmp/PS64-99-2006-fra.pdf |